Sailor Moon Transformations by Attack (anime) Quiz Stats

 Plays Quiz not verified by Sporcle

Score 0/27 Timer 05:00
0 Plays Today
Attack transformation % Correct
Fire SoulMars Power, Make Up
73.4%
Venus Love-Me ChainVenus Star Power, Make Up
72.2%
Dead ScreamPluto Planet Power, Make Up
71%
Mars Flame SniperMars Crystal Power, Make Up
71%
Burning MandalaMars Star Power, Make Up
69.8%
Deep SubmergeNeptune Planet Power, Make Up
69.8%
Mercury Aqua RhapsodyMercury Crystal Power, Make Up
69.2%
Jupiter Oak EvolutionJupiter Crystal Power, Make Up
68.6%
Shine Aqua IllusionMercury Star Power, Make Up
68%
Supreme ThunderJupiter Power, Make Up
67.5%
Crescent BeamVenus Power, Make Up
67.5%
Venus Love and Beauty ShockVenus Crystal Power, Make Up
67.5%
Moon Tiara ActionMoon Prism Power, Make Up
66.9%
Shabon SprayMercury Power, Make Up
66.9%
Attack transformation % Correct
World ShakingUranus Planet Power, Make Up
66.9%
Star Serious LaserFighter Star Power, Make Up
65.7%
Pink Sugar Heart AttackMoon Prism Power, Make Up
63.3%
Sparkling Wide PressureJupiter Star Power, Make Up
62.1%
Moon Spiral Heart AttackMoon Cosmic Power, Make Up
60.9%
Moon Princess HalationMoon Crystal Power, Make Up
60.4%
Star Sensitive InfernoHealer Star Power, Make Up
59.8%
Silence Glaive SurpriseSaturn Planet Power, Make Up
59.2%
Star Gentle UterusMaker Star Power, Make Up
58%
Moon Gorgeous MeditationMoon Crisis, Make Up
55.6%
Rainbow Moon Heart AcheCrisis, Make Up
55.6%
Starlight Honeymoon Therapy KissMoon Eternal, Make Up
55%
Twinkle YellMoon Crisis, Make Up
53.3%

You're not logged in!

Compare scores with friends on all Sporcle quizzes.
OR
Log In

Sporcle TV

Today on Sporcle TV


Watch our educational content, quiz creation guides, and fun videos on Sporcle TV.

Show Comments

Extras

Top Quizzes Today


Score Distribution

Your Account Isn't Verified!

In order to create a playlist on Sporcle, you need to verify the email address you used during registration. Go to your Sporcle Settings to finish the process.

Report this User

Report this user for behavior that violates our Community Guidelines.

Details: